<?xml version="1.0" encoding="UTF-8"?>
<marc:record xmlns:marc="http://www.loc.gov/MARC21/slim">
   <marc:leader>00000nam a2200000 a 4500</marc:leader>
   <marc:datafield ind1=" " ind2=" " tag="653">
      <marc:subfield code="a">Film</marc:subfield>
   </marc:datafield>
   <marc:datafield ind1="0" ind2="0" tag="245">
      <marc:subfield code="a">Hotel Transsilvanien</marc:subfield>
   </marc:datafield>
   <marc:datafield ind1="0" ind2="0" tag="245">
      <marc:subfield code="b">die Serie</marc:subfield>
   </marc:datafield>
   <marc:datafield ind1=" " ind2="1" tag="264">
      <marc:subfield code="c">2017</marc:subfield>
   </marc:datafield>
   <marc:datafield ind1="1" ind2=" " tag="490">
      <marc:subfield code="a">DVD 427</marc:subfield>
   </marc:datafield>
   <marc:datafield ind1="1" ind2=" " tag="520">
      <marc:subfield code="a">Willkommen im Hotel Trassilvanien, Draculas Nobelresort, in dem Monster und ihre Familien unbehelligt von den Menschen ausspannen können. Dracula hat an einem Wochenende all seine besten Freunde - Frankenstein und seine Frau, die Mumie, den Unsichtbaren, die Familie Werwolf und noch viele mehr - eingeladen, um den 118. Geburtstag seiner geliebten Tochter Mavis zu feiern. Die Bewirtung dieser legendären Monster stellt für Dracula kein Problem dar, aber die Party beginnt erst, als sich ein Normalsterblicher in das Hotel verirrt und alles auf den Kopf stellt.</marc:subfield>
   </marc:datafield>
   <marc:datafield ind1="3" ind2=" " tag="024">
      <marc:subfield code="a">4260264437202</marc:subfield>
   </marc:datafield>
</marc:record>
